| 000 | 01029nam a22002897a 4500 | ||
|---|---|---|---|
| 005 | 20090826134843.0 | ||
| 006 | a|||||r|||||00| 0 | ||
| 007 | DVD | ||
| 008 | 090629t xxu||||| |||| 00| 0 eng d | ||
| 010 | _aDVD-003861 | ||
| 024 | _cRs.1000.00 (U.S.$ 20.00 )for set of 2 Dsic | ||
| 035 | _aDVD-003861 | ||
| 040 | _aDPL | ||
| 082 | _aDVD WAYT | ||
| 245 |
_aThe Way To Happiness : _cby L.Ron Hubbard _bA Common Sense Guide To Better Life / |
||
| 260 |
_aU.S.A _bL. Ron Hubbard Library _c2007 |
||
| 300 |
_a2 Videodisc DVD, _bsd., col. ; _c4-3/4 in. _e1 Booklet _fDVD |
||
| 306 | _a1hr 18min. | ||
| 440 | _aLecture Series | ||
| 500 | _aAudio Lecture | ||
| 538 | _aLanguage- English | ||
| 541 | _5M/s Religious Foundations of Scientology | ||
| 650 | _2Audio Lectures | ||
| 700 | _aHubbard, L. Ron | ||
| 942 |
_2ddc _cCF _hDVD _mWAYT |
||
| 999 |
_c29563 _d29563 |
||